000 00520nam a2200193Ia 4500
005 20250326142236.0
008 250326s9999 xx 000 0 und d
020 _a0-13-605676-8
037 _aTextbook
040 _aFMSL
_beng
_cFMSL
041 _aeng
_2eng
084 _aX:8D.1 N2
_qFMSL
100 _aBuckley A
_9735799
245 0 _aMultinational fice
_cBuckley A
260 _aNew York
_bNew York, Prentice Hall
_c1992
300 _avii,134
942 _cTB
_hX:8D.1 N2
999 _c1294093
_d1294093